| 000 | 00884nmc a2200337 a 4500 | ||
|---|---|---|---|
| 003 | AR-BaBNM | ||
| 005 | 20251128205049.0 | ||
| 008 | 236019s1988 ||||||||||||||000 | spa|| | ||
| 020 | _a950-23-0323-7 | ||
| 040 | _cAR-BaBNM | ||
| 100 | 1 | _aArchenti, Nélida | |
| 245 | 1 | 0 | _aActualidad del pensamiento sociopolítico clásico |
| 250 | _a2ª ed. | ||
| 260 |
_aBuenos Aires _bEudeba _c1988 |
||
| 300 | 0 | _a164 p. | |
| 490 | 0 | _aManuales | |
| 504 | _aBibliografía: p. 161-164 | ||
| 600 | 1 | 4 | _aMarx, Karl |
| 600 | 1 | 4 |
_aDurkheim, Emile _d1858-1917 |
| 600 | 1 | 4 |
_aWeber, Max _d1864-1920 |
| 650 | 4 | _aSOCIOLOGIA | |
| 650 | 4 | _aPOLITICA | |
| 650 | 4 | _aSOCIOLOGIA DEL CAMBIO | |
| 650 | 4 | _aSOCIOLOGIA POLITICA | |
| 650 | 4 | _aSOCIOLOGIA DE LA EDUCACION | |
| 650 | 4 | _aFILOSOFIA POLITICA | |
| 650 | 4 | _aHISTORIA POLITICA | |
| 700 | 1 | _aAznar, Luis | |
| 942 | _cBK | ||
| 998 | _csilvi | ||
| 999 |
_c9832 _d9832 |
||